000 03484cam a2200421 i 4500
001 18759531
003 OSt
005 20230908122459.0
008 150825s2015 enk b 001 0 eng d
010 _a 2015950292
020 _a9781783472697 (hardback)
020 _a1783472693 (hardback)
020 _z9781783472703 (ebook)
035 _a(OCoLC)ocn942705192
040 _aYDXCP
_beng
_cYDXCP
_erda
_dOCLCO
_dCDX
_dUZ0
_dBTCTA
_dDLC
042 _alccopycat
050 0 0 _aPN4784.C615
_bC73 2015
082 0 4 _a070.4
_bCRA/C
100 1 _aCram, Ian,
_eauthor.
245 1 0 _aCitizen journalists :
_bnewer media, Republican moments and the Constitution /
_cIan Cram.
264 1 _aCheltenham, UK :
_bEdward Elgar Publishing,
_c[2015]
300 _axi, 195 pages ;
_c25 cm.
336 _atext
_btxt
_2rdacontent
337 _aunmediated
_bn
_2rdamedia
338 _avolume
_bnc
_2rdacarrier
490 1 _aElgar monographs in constitutional and administrative law
504 _aIncludes bibliographical references and index.
505 0 _a1. Introduction: Republican moments, Machiavelli and digital communications -- 2. A digital republic of citizens -- 3. Against civility? -- arguments for protecting 'bad taste', disrespectful and anonymous online speakers -- 4. Beyond the fourth estate : rethinking the privileges of 'journalists' in the era of new media -- 5. Google and the 'unvirtuous' juror? -- a comparative constitutional analysis of some digital challenges to fair trials -- 6. Conclusion: The sceptical cyber-republican.
520 1 _aThis monograph explores the phenomenon of 'citizen journalism' from a legal and constitutional perspective. It describes and evaluates emerging patterns of communication between a new and diverse set of speakers and their audiences. Drawing upon political theory, the book considers the extent to which the constitutional and legal frameworks of modern liberal states allow for a 'contestatory space' that advances the scope for non-traditional speakers to participate in policy debates and to hold elites to account. Topics covered include the regulation of offensive, abusive and anonymous speech, online defamation, compelled disclosure of 'journalists'' sources, private online research by jurors and analysis of the application of pre-Web 2.0 laws to non-traditional media speakers and outlets. After surveying a range of criminal and civil law provisions that impair the communicative reach of non-mainstream speakers, the broad conclusion casts doubt upon the capacity of 'citizen journalists' to effect a significant shift towards republican self-rule. Offering an original analysis of the phenomenon of 'citizen journalism' with developments from a broad range of jurisdictions, this book is a valuable resource for students, academics, policymakers and law reform agencies in the fields of constitutional law, human rights, media freedom, journalism and comparative media regulation.
650 0 _aCitizen journalism.
650 0 _aPolitical participation
_xTechnological innovations.
650 0 _aJournalists
_xLegal status, laws, etc.
650 0 _aInternet
_xLaw and legislation.
830 0 _aElgar monographs in constitutional and administrative law.
906 _a7
_bcbc
_ccopycat
_d2
_encip
_f20
_gy-gencatlg
942 _2ddc
_cBK
_h070.4
_iCRA/C
_k070.4
_mCRA/C
999 _c42155
_d42155